000
00327nam a2200169Ia 4500
100
_a
Messier/Ric
650
_a
Linux
942
_c
BK
366
_f
20
654
_a
linux
245
_a
Learning Kali Linux:Security testing
260
_b
SPD
_c
2018
082
_b
MES
300
_a
383
546
_a
ENGLISH
999
_c
22874
_d
22874